| 000 | 00860nam a22001817a 4500 | ||
|---|---|---|---|
| 005 | 20230620124752.0 | ||
| 008 | 230620b ||||| |||| 00| 0 eng d | ||
| 020 | _a9780198729679 | ||
| 100 | _9Bantekas, Ilias. | ||
| 245 |
_aInternational law: Concentrate / _cIlias Bantekas. |
||
| 250 | _a2nd ed. | ||
| 260 |
_aNew York: _bOxford University Press, _c2015. |
||
| 300 |
_axv, 172p.: _c23 cm. |
||
| 500 | _aIncludes index. | ||
| 505 | _aContents: The nature of international law and the international legal system -- Sources of international law -- The law of treaties -- The relationship between international and domestic law -- Personality, statehood and recognition -- Sovereignty and jurisdiction -- Immunity -- Law of the sea -- State responsibility -- Peaceful settlement of disputes. | ||
| 700 |
_aPapastavridis, Efthymios. _91730 |
||
| 942 |
_2lcc _cBK |
||
| 999 |
_c9772 _d17272 |
||